[Event "Aberto Brasil - II Niterói Chess Open "]
[Site "Salão de Convenções do Hot"]
[Date "2022.09.04"]
[Round "5.8"]
[White "Silva, Caio Henrique Angel"]
[Black "Baules Rodriguez, Jorge Luis"]
[Result "1/2-1/2"]
[WhiteElo "1959"]
[BlackElo "2307"]
[PlyCount "65"]
[EventDate "2022.09.01"]
[EventRounds "9"]
[EventCountry "BRA"]

1. Nf3 {[%emt 0:00:01]} Nf6 {[%emt 0:06:17]} 2. b3 {[%emt 0:00:25]} g6 {
[%emt 0:00:49]} 3. Bb2 {[%emt 0:00:37]} Bg7 {[%emt 0:00:07]} 4. g3 {[%emt 0:00:
27]} d5 {[%emt 0:02:35]} 5. c4 {[%emt 0:01:58]} dxc4 {[%emt 0:05:44]} 6. bxc4 {
[%emt 0:00:23]} O-O {[%emt 0:00:28]} 7. Bg2 {[%emt 0:01:36]} c5 {[%emt 0:00:11]
} 8. O-O {[%emt 0:01:41]} Nc6 {[%emt 0:01:03]} 9. d3 {[%emt 0:05:38]} Qc7 {
[%emt 0:06:44]} 10. Nc3 {[%emt 0:04:34]} Rd8 {[%emt 0:04:40]} 11. Rb1 {[%emt 0:
06:05]} Bg4 {[%emt 0:13:51]} 12. h3 {[%emt 0:06:02]} Bxf3 {[%emt 0:00:16]} 13.
Bxf3 {[%emt 0:00:14]} Ne5 {[%emt 0:00:15]} 14. Bd5 {[%emt 0:06:29]} Qc8 {
[%emt 0:25:35]} 15. f4 {[%emt 0:23:08]} Nxc4 {[%emt 0:00:02]} 16. Bxc4 {
[%emt 0:03:13]} Qxh3 {[%emt 0:00:12]} 17. Rf2 {[%emt 0:12:53]} Qxg3+ {[%emt 0:
07:55]} 18. Rg2 {[%emt 0:01:11]} Qe3+ {[%emt 0:00:03]} 19. Kh1 {[%emt 0:01:08]}
Ng4 {[%emt 0:16:23]} 20. Qg1 {[%emt 0:07:23]} Qh3+ {[%emt 0:00:06]} 21. Rh2 {
[%emt 0:00:11]} Nxh2 {[%emt 0:00:09]} 22. Qxh2 {[%emt 0:00:09]} Qxh2+ {[%emt 0:
03:48]} 23. Kxh2 {[%emt 0:00:02]} Rab8 {[%emt 0:02:42]} 24. a4 {[%emt 0:00:26]}
e6 {[%emt 0:01:49]} 25. Kg3 {[%emt 0:00:41]} Bf6 {[%emt 0:00:59]} 26. Nb5 {
[%emt 0:01:51]} Bxb2 {[%emt 0:00:13]} 27. Rxb2 {[%emt 0:00:02]} a6 {[%emt 0:00:
13]} 28. Nc3 {[%emt 0:00:12]} Rd6 {[%emt 0:00:34]} 29. Ne4 {[%emt 0:00:36]}
Rdd8 {[%emt 0:01:05]} 30. Nxc5 {[%emt 0:00:21]} b5 {[%emt 0:00:31]} 31. Nxa6 {
[%emt 0:03:48]} bxc4 {[%emt 0:00:02]} 32. Nxb8 {[%emt 0:00:36]} c3 {[%emt 0:00:
15]} 33. Kh2 {[%emt 0:00:21]} 1/2-1/2

[Event "Aberto Brasil - II Niterói Chess Open "]
[Site "Salão de Convenções do Hot"]
[Date "2022.09.04"]
[Round "5.9"]
[White "Nemeth Junior, Henrique"]
[Black "Languidey, Simon Alejandro"]
[Result "1/2-1/2"]
[WhiteElo "2137"]
[BlackElo "2415"]
[PlyCount "108"]
[EventDate "2022.09.01"]
[EventRounds "9"]
[EventCountry "BRA"]

1. e4 e6 2. d4 d5 3. Nd2 c5 4. Ngf3 Nc6 5. exd5 exd5 6. Be2 Nf6 7. O-O c4 8.
Re1 Be7 9. a4 O-O 10. c3 Bf5 11. b3 cxb3 12. Qxb3 Na5 13. Qa2 Rc8 14. Bb2 Bd6
15. Rac1 Re8 16. Ba3 Re7 17. Bxd6 Qxd6 18. Ne5 Rec7 19. Qb2 Be6 20. Bd3 Nc6 21.
Ndf3 h6 22. h3 Ne7 23. Nh4 Nc6 24. Nhf3 Na5 25. Re3 Bd7 26. Nxd7 Qxd7 27. Ne5
Qd6 28. Rce1 Kf8 29. Bf5 Rd8 30. Qb5 b6 31. Qe2 Nc4 32. Nxc4 Rxc4 33. g4 g6 34.
Bc2 Rdc8 35. Qf3 Kg7 36. h4 Rf8 37. h5 Rc7 38. hxg6 fxg6 39. Re6 Qd7 40. Qg3
Rf7 41. g5 Ne4 42. Qe5+ Kh7 43. Bxe4 dxe4 44. Qxe4 Rf5 45. Re7+ Qxe7 46. Qxe7+
Rxe7 47. Rxe7+ Kh8 48. gxh6 Ra5 49. Rg7 Rxa4 50. Rxg6 Rc4 51. Rg7 Rxc3 52. Rxa7
Rc6 53. Rd7 Rxh6 54. Kg2 Kg8 1/2-1/2

[Event "Aberto Brasil - II Niterói Chess Open "]
[Site "Salão de Convenções do Hot"]
[Date "2022.09.04"]
[Round "5.10"]
[White "Filgueiras, Nathan Felipe"]
[Black "Zacarias, Rodrigo Medeiros"]
[Result "0-1"]
[WhiteElo "2358"]
[BlackElo "2095"]
[PlyCount "104"]
[EventDate "2022.09.01"]
[EventRounds "9"]
[EventCountry "BRA"]

1. e4 c5 2. Nf3 Nc6 3. d4 cxd4 4. Nxd4 Nf6 5. Nc3 e5 6. Ndb5 d6 7. Bg5 a6 8.
Na3 b5 9. Bxf6 gxf6 10. Nd5 f5 11. Bd3 Be6 12. c3 Bg7 13. Nxb5 Bxd5 14. exd5
Ne7 15. Na3 e4 16. Qa4+ Kf8 17. Bc4 Be5 18. O-O-O Nc8 19. g3 Rb8 20. Bb3 Kg7
21. Nc2 Nb6 22. Qxa6 Nd7 23. Qe2 Nc5 24. Ne3 Kg6 25. f4 Bxc3 26. bxc3 Rxb3 27.
axb3 Nxb3+ 28. Kc2 Qa5 29. Rb1 Qa2+ 30. Rb2 Nd4+ 31. cxd4 Rc8+ 32. Kd1 Qa1+ 33.
Kd2 Qxb2+ 34. Ke1 Qc1+ 35. Nd1 Rc2 36. Qe3 Qb1 37. g4 Rc1 38. gxf5+ Kf6 39. Qe2
e3 40. h4 Qb4+ 41. Kf1 Qxd4 42. Kg2 Qe4+ 43. Kg3 Qxh1 44. Qb2+ Kxf5 45. Nxe3+
Ke4 46. Ng2 Qf1 47. Qb7 Qf3+ 48. Kh2 Rc3 49. Qb4+ Kxd5 50. Qb5+ Ke6 51. Qe8+
Kf6 52. Qh8+ Ke7 0-1

[Event "Aberto Brasil - II Niterói Chess Open "]
[Site "Salão de Convenções do Hot"]
[Date "2022.09.04"]
[Round "5.11"]
[White "Dias, Simao Poscidonio"]
[Black "Loureiro, Luiz Vasconcellos"]
[Result "1/2-1/2"]
[WhiteElo "2060"]
[BlackElo "2334"]
[PlyCount "67"]
[EventDate "2022.09.01"]
[EventRounds "9"]
[EventCountry "BRA"]

1. e4 Nf6 2. e5 Nd5 3. c4 Nb6 4. c5 Nd5 5. Nc3 Nxc3 6. dxc3 d5 7. cxd6 exd6 8.
Nf3 Nc6 9. Bb5 Bd7 10. exd6 Bxd6 11. Bg5 f6 12. Be3 Ne5 13. Nxe5 Bxe5 14. Bd3
Qe7 15. Qc2 O-O-O 16. O-O-O Kb8 17. Bxh7 Bc6 18. Rxd8+ Rxd8 19. f4 Bd6 20. Re1
Qf7 21. Kb1 Qh5 22. g3 Rh8 23. Be4 Qxh2 24. Bxc6 Qxc2+ 25. Kxc2 bxc6 26. Kd3
Rh3 27. Rg1 f5 28. Rg2 a6 29. Kc4 Kc8 30. Bd4 g6 31. Bf6 Kd7 32. Bg5 Rh1 33.
Re2 Rh3 34. Rg2 1/2-1/2

[Event "Aberto Brasil - II Niterói Chess Open "]
[Site "Salão de Convenções do Hot"]
[Date "2022.09.04"]
[Round "5.12"]
[White "Rodi, Luis Ernesto"]
[Black "Almeida Junior, Alvaro Alves De"]
[Result "1-0"]
[WhiteElo "2327"]
[BlackElo "2044"]
[PlyCount "57"]
[EventDate "2022.09.01"]
[EventRounds "9"]
[EventCountry "BRA"]

1. e4 c5 2. Nc3 Nc6 3. Bb5 Nd4 4. Nf3 e6 5. O-O a6 6. Bd3 Nc6 7. Nd5 d6 8. Ne3
Nf6 9. c3 d5 10. exd5 Nxd5 11. Be4 Be7 12. d4 cxd4 13. Nxd4 Nxd4 14. Bxd5 Nb5
15. Bf3 Qc7 16. c4 Nd6 17. b3 O-O 18. Bb2 Bd7 19. Rc1 Rad8 20. Qc2 Bc6 21. Nd5
Bxd5 22. cxd5 Qxc2 23. Rxc2 exd5 24. Bxd5 Rd7 25. Rd1 Rfd8 26. Rcd2 Kf8 27. Bf3
f6 28. Bg4 f5 29. Bxf5 1-0

[Event "Aberto Brasil - II Niterói Chess Open "]
[Site "Salão de Convenções do Hot"]
[Date "2022.09.04"]
[Round "5.13"]
[White "Boff, Lucas Strauss"]
[Black "Cominato Neto, Jose Luis"]
[Result "0-1"]
[WhiteElo "2043"]
[BlackElo "2270"]
[PlyCount "54"]
[EventDate "2022.09.01"]
[EventRounds "9"]
[EventCountry "BRA"]

1. Nf3 f5 2. e4 fxe4 3. Ng5 e6 4. d3 Nf6 5. dxe4 Nc6 6. f4 h6 7. e5 hxg5 8. Bd3
d6 9. exf6 Qxf6 10. O-O Qh6 11. h3 gxf4 12. Rxf4 g5 13. Rf1 Bd7 14. Qf3 O-O-O
15. Qf6 Qxf6 16. Rxf6 Be7 17. Rf7 Rde8 18. Be3 g4 19. Rh7 Rxh7 20. Bxh7 gxh3
21. g3 h2+ 22. Kh1 Ne5 23. Nc3 Ng4 24. Re1 d5 25. Nd1 e5 26. Kg2 Rh8 27. Bd3 d4
0-1

[Event "Aberto Brasil - II Niterói Chess Open "]
[Site "Salão de Convenções do Hot"]
[Date "2022.09.04"]
[Round "5.14"]
[White "Santos Filho, Tadeu Sousa"]
[Black "Pires, Marcos Vinicius Tor"]
[Result "0-1"]
[WhiteElo "2024"]
[BlackElo "2262"]
[PlyCount "120"]
[EventDate "2022.09.01"]
[EventRounds "9"]
[EventCountry "BRA"]

1. d4 d5 2. Nf3 Nf6 3. Bf4 c6 4. e3 Qb6 5. Qc1 Bf5 6. Bd3 Bxd3 7. cxd3 Nbd7 8.
O-O Nh5 9. Be5 f6 10. Bg3 e6 11. Nc3 Nxg3 12. hxg3 Bd6 13. Re1 O-O 14. e4 Rae8
15. Qc2 Re7 16. Rac1 Rfe8 17. a3 a5 18. Re2 Qa6 19. Rce1 Qa7 20. Qb3 Nb6 21.
Rd1 a4 22. Qa2 Qa5 23. Rb1 Ra8 24. Rc1 Ree8 25. Rec2 Nd7 26. Ne2 Qb6 27. g4 Nf8
28. g3 Qc7 29. Kg2 Qf7 30. Nh4 Ra5 31. Rd1 Ng6 32. Nf3 Ne7 33. Nh4 g5 34. Nf3
Qg6 35. Nd2 h5 36. f3 hxg4 37. fxg4 Kg7 38. Rh1 Raa8 39. Rcc1 Rh8 40. Qb1 Bc7
41. Nf3 Rad8 42. Qc2 Nc8 43. Nc3 Nb6 44. Rce1 Rxh1 45. Rxh1 dxe4 46. dxe4 Nc4
47. Qe2 b5 48. Re1 Bb6 49. Nxa4 Bxd4 50. Nc3 Ne3+ 51. Kh1 Rh8+ 52. Nh2 Bxc3 53.
bxc3 Qh7 54. Kg1 Qh3 55. Qxe3 Qxh2+ 56. Kf1 Rh3 57. Qa7+ Kg6 58. Qd7 Qh1+ 59.
Ke2 Rh2+ 60. Kd1 Qf3+ 0-1

[Event "Aberto Brasil - II Niterói Chess Open "]
[Site "Salão de Convenções do Hot"]
[Date "2022.09.04"]
[Round "5.15"]
[White "De Souza, Regis Gabetta"]
[Black "Da Matta, Eduardo Cesar"]
[Result "0-1"]
[WhiteElo "2245"]
[BlackElo "2038"]
[PlyCount "140"]
[EventDate "2022.09.01"]
[EventRounds "9"]
[EventCountry "BRA"]

1. d4 d5 2. c4 c6 3. e3 Nf6 4. Nf3 e6 5. Nc3 Bd6 6. Bd3 dxc4 7. Bxc4 b5 8. Bd3
Nbd7 9. O-O a6 10. e4 e5 11. h3 c5 12. dxe5 Nxe5 13. Nxe5 Bxe5 14. f4 Bd4+ 15.
Kh1 Bxc3 16. bxc3 c4 17. Bc2 Qxd1 18. Rxd1 Bb7 19. Rd4 Rd8 20. e5 Rxd4 21. cxd4
Be4 22. Bxe4 Nxe4 23. d5 h5 24. Kg1 g6 25. Kf1 Kd7 26. Be3 Rb8 27. Rc1 Ng3+ 28.
Kf2 h4 29. Kf3 Nf5 30. Bf2 Rc8 31. Be1 Rc5 32. Ke4 Rc8 33. a3 Rc7 34. Bb4 Rc8
35. Kf3 Nd4+ 36. Kg4 Nf5 37. Kf3 Nd4+ 38. Ke4 Nf5 39. Rc3 Rh8 40. Rc2 Rc8 41.
Be1 Rc5 42. Ra2 Rc7 43. Bc3 Rb7 44. Rd2 Rc7 45. Kf3 Rc5 46. Rd1 Ne7 47. d6 Rd5
48. Rd2 Rxd2 49. Bxd2 Nf5 50. Ke4 Ng3+ 51. Kd4 Kc6 52. Be1 Nf5+ 53. Ke4 Kd7 54.
Bb4 Ke6 55. Ba5 f6 56. Be1 fxe5 57. fxe5 Kd7 58. Kf4 Nd4 59. Kg5 Ne2 60. Kf6
Nd4 61. Kf7 g5 62. Bc3 Ne6 63. Bd2 Nd8+ 64. Kf6 Ne6 65. Ba5 Nf4 66. Bd2 Nd5+
67. Kf7 c3 68. Bxg5 c2 69. Kg6 Ke6 70. Bh6 a5 0-1

[Event "Aberto Brasil - II Niterói Chess Open "]
[Site "Salão de Convenções do Hot"]
[Date "2022.09.04"]
[Round "5.16"]
[White "Terao, Juliana Sayumi"]
[Black "Campos, Alexandre Ferreira"]
[Result "1-0"]
[WhiteElo "2240"]
[BlackElo "2042"]
[PlyCount "82"]
[EventDate "2022.09.01"]
[EventRounds "9"]
[EventCountry "BRA"]

1. e4 e5 2. Nf3 Nc6 3. Bb5 a6 4. Ba4 b5 5. Bb3 Nf6 6. d3 Be7 7. O-O d6 8. c3
Be6 9. Bc2 h6 10. a4 O-O 11. Nbd2 Qd7 12. Re1 b4 13. a5 bxc3 14. bxc3 Qc8 15.
Qe2 Nh7 16. d4 exd4 17. cxd4 Nb4 18. Ba4 c5 19. Ba3 Rb8 20. h3 Bd7 21. Bxd7
Qxd7 22. Bxb4 Rxb4 23. dxc5 dxc5 24. Qxa6 Ng5 25. Nxg5 Qxd2 26. Nf3 Qf4 27. Qc6
Qb8 28. e5 Rc8 29. Qd7 Rb7 30. Qf5 g6 31. Qg4 h5 32. Qc4 Rb4 33. Qc1 Kg7 34.
Rd1 Rc7 35. Qc3 Rb3 36. Qc4 Rb4 37. Qd5 c4 38. Nd4 Rc5 39. Qf3 Rb7 40. e6 Rbc7
41. Rab1 Qd8 1-0

[Event "Aberto Brasil - II Niterói Chess Open "]
[Site "Salão de Convenções do Hot"]
[Date "2022.09.04"]
[Round "5.17"]
[White "De Siqueira, Luigy Lira"]
[Black "Gauche, Charles"]
[Result "1-0"]
[WhiteElo "1969"]
[BlackElo "2219"]
[PlyCount "60"]
[EventDate "2022.09.01"]
[EventRounds "9"]
[EventCountry "BRA"]

{[%evp 0,46,80,27,41,48,44,38,38,46,104,49,73,82,82,8,94,66,63,52,51,-20,26,
-203,3,-11,15,-10,-10,-13,-3,-11,1,-10,62,49,52,42,68,42,67,67,73,73,65,47,54,
35,90]} 1. e4 c5 2. Nf3 e6 3. d4 cxd4 4. Nxd4 a6 5. Bd3 Qc7 6. O-O Nf6 7. Qe2
d6 8. c4 Nbd7 9. Nc3 Ne5 10. Bf4 Be7 11. Kh1 h6 12. Bd2 b6 13. f4 Nxd3 14. Qxd3
Bb7 15. f5 e5 16. Nc2 Bc6 17. Nb4 Rc8 18. Rac1 Qb7 19. Ncd5 Nxd5 20. Nxd5 Bg5
21. Bxg5 hxg5 22. Qe3 f6 23. Rfd1 Rh4 24. g3 Rh8 25. Qa3 Rd8 26. Kg1 Kf7 27.
Qb3 Kg8 28. a4 a5 29. Rd3 Qb8 30. Qa3 Re8 1-0

[Event "Aberto Brasil - II Niterói Chess Open "]
[Site "Salão de Convenções do Hot"]
[Date "2022.09.04"]
[Round "5.18"]
[White "Luz, Arthur Nader"]
[Black "Okamura, Milton Kasuo"]
[Result "0-1"]
[WhiteElo "2199"]
[BlackElo "1960"]
[PlyCount "53"]
[EventDate "2022.09.01"]
[EventRounds "9"]
[EventCountry "BRA"]

1. e4 e5 2. Nc3 Nc6 3. Bc4 Nf6 4. a3 Bc5 5. d3 h6 6. f4 d6 7. f5 a6 8. Ba2 Nd4
9. g4 c6 10. b4 Ba7 11. g5 hxg5 12. Bxg5 b5 13. Qd2 Bb7 14. Nd1 c5 15. c3 Nxf5
16. Nf3 c4 17. Rf1 Ne7 18. Bxf6 gxf6 19. Ne3 Qb6 20. Ng4 O-O-O 21. Nxf6 d5 22.
Nxe5 dxe4 23. d4 Qe6 24. O-O-O Bb8 25. Neg4 Rh3 26. Rde1 Rdh8 27. Re2 0-1

[Event "Aberto Brasil - II Niterói Chess Open "]
[Site "Salão de Convenções do Hot"]
[Date "2022.09.04"]
[Round "5.19"]
[White "Viana, Dirceu"]
[Black "Tamarozi, Isabelle"]
[Result "1-0"]
[WhiteElo "2190"]
[BlackElo "1965"]
[PlyCount "75"]
[EventDate "2022.09.01"]
[EventRounds "9"]
[EventCountry "BRA"]

1. Nf3 g6 2. d4 Nf6 3. c4 Bg7 4. Nc3 d6 5. Bg5 Nbd7 6. e3 b6 7. Be2 Bb7 8. Qc2
a6 9. h3 O-O 10. O-O Qe8 11. Nd2 e5 12. Bf3 Bxf3 13. Nxf3 h6 14. Bh4 g5 15. Bg3
Nh5 16. Bh2 f5 17. dxe5 dxe5 18. Nd5 Rc8 19. Rad1 Qf7 20. b3 Qe6 21. Rfe1 Nc5
22. Nd2 Nf6 23. Qxf5 Nxd5 24. Qxe6+ Nxe6 25. cxd5 Nc5 26. f3 e4 27. Nxe4 Nxe4
28. fxe4 Rfe8 29. Rc1 Rxe4 30. Bxc7 Bb2 31. d6 Bxc1 32. d7 Rd8 33. Bxd8 Bxe3+
34. Rxe3 Rd4 35. Re8+ Kf7 36. Re7+ Kf8 37. Rh7 Kg8 38. Rxh6 1-0

[Event "Aberto Brasil - II Niterói Chess Open "]
[Site "Salão de Convenções do Hot"]
[Date "2022.09.04"]
[Round "5.20"]
[White "Guimaraes, Wagner Peixoto"]
[Black "Medeiros, Thauane Ferreira"]
[Result "1-0"]
[WhiteElo "2188"]
[BlackElo "1905"]
[PlyCount "57"]
[EventDate "2022.09.01"]
[EventRounds "9"]
[EventCountry "BRA"]

1. e4 e5 2. Nf3 Nc6 3. Bb5 Nf6 4. O-O Nxe4 5. d4 Nd6 6. dxe5 Nxb5 7. a4 Nbd4 8.
Nxd4 Nxd4 9. Qxd4 d5 10. Nc3 c6 11. a5 Be7 12. f4 f5 13. Rd1 O-O 14. Qf2 Be6
15. Be3 Bb4 16. Bc5 Bxc5 17. Qxc5 Qe8 18. Ne2 b6 19. axb6 axb6 20. Qxb6 Rb8 21.
Qc5 Rb5 22. Qd6 Rxb2 23. Nd4 Bf7 24. e6 Bh5 25. Re1 Kh8 26. Reb1 Rb8 27. e7
Rxb1+ 28. Rxb1 Rf6 29. Qc7 1-0

[Event "Aberto Brasil - II Niterói Chess Open "]
[Site "Salão de Convenções do Hot"]
[Date "2022.09.04"]
[Round "5.21"]
[White "Aranha Filho, Alvaro Z."]
[Black "De Albuquerque, Pedro Henrique Corr"]
[Result "1-0"]
[WhiteElo "2184"]
[BlackElo "1835"]
[PlyCount "61"]
[EventDate "2022.09.01"]
[EventRounds "9"]
[EventCountry "BRA"]

1. d4 Nf6 2. Nf3 g6 3. c4 Bg7 4. Nc3 O-O 5. Bg5 d6 6. e3 Nbd7 7. Be2 e5 8. dxe5
dxe5 9. O-O c6 10. b4 Qc7 11. Qb3 Nb6 12. Bxf6 Bxf6 13. c5 Nd5 14. Nxd5 cxd5
15. Qxd5 Rd8 16. Qb3 b6 17. Rac1 Be6 18. Bc4 Bxc4 19. Qxc4 bxc5 20. bxc5 Rac8
21. Qa6 Bg7 22. e4 Bf8 23. c6 f6 24. h3 Rd6 25. Rfd1 Rxc6 26. Rxc6 Qxc6 27. Qd3
Qc2 28. Qd5+ Kh8 29. Qd7 Rc7 30. Qe6 Bg7 31. g3 1-0

[Event "Aberto Brasil - II Niterói Chess Open "]
[Site "Salão de Convenções do Hot"]
[Date "2022.09.04"]
[Round "5.22"]
[White "Bastos, Gabriel Andrade"]
[Black "Sega, Carlos Alberto"]
[Result "0-1"]
[WhiteElo "1857"]
[BlackElo "2184"]
[PlyCount "74"]
[EventDate "2022.09.01"]
[EventRounds "9"]
[EventCountry "BRA"]

1. d4 Nf6 2. c4 e6 3. Nf3 d5 4. g3 Be7 5. Bg2 O-O 6. O-O dxc4 7. Qc2 a6 8. a4
Bd7 9. Ne5 Bc6 10. Nxc6 Nxc6 11. e3 Nd5 12. Qxc4 Na5 13. Qe2 Nb3 14. Ra2 c5 15.
dxc5 Bxc5 16. Nd2 Nxc1 17. Rxc1 Rc8 18. Raa1 Rc7 19. Ne4 Bb4 20. Rd1 Qe7 21.
Rac1 Rfc8 22. Rxc7 Qxc7 23. Qd3 h6 24. Nd2 Qc2 25. Qxc2 Rxc2 26. Bxd5 exd5 27.
Nf3 Rxb2 28. Rxd5 Bc3 29. Rd3 Bf6 30. Rd7 Kf8 31. Rd2 Rxd2 32. Nxd2 Ke7 33. Kf1
Kd6 34. Ne4+ Kd5 35. Nxf6+ gxf6 36. g4 b5 37. Ke2 bxa4 0-1

[Event "Aberto Brasil - II Niterói Chess Open "]
[Site "Salão de Convenções do Hot"]
[Date "2022.09.04"]
[Round "5.23"]
[White "Santos, Abel Cardoso Dos"]
[Black "Piccoli, Lucas Fonseca"]
[Result "0-1"]
[WhiteElo "1826"]
[BlackElo "2156"]
[PlyCount "82"]
[EventDate "2022.09.01"]
[EventRounds "9"]
[EventCountry "BRA"]

1. e4 c6 2. d4 d5 3. Nc3 dxe4 4. Nxe4 Nf6 5. Nxf6+ exf6 6. Bc4 Bd6 7. Ne2 O-O
8. O-O Qc7 9. Ng3 Nd7 10. Re1 g6 11. Bh6 Rd8 12. Qe2 Nf8 13. Rad1 Ne6 14. Qf3
Be7 15. h4 Bd7 16. h5 b5 17. Bb3 a5 18. hxg6 hxg6 19. d5 cxd5 20. Bxd5 Ra6 21.
c3 Kh7 22. Bc1 Kg7 23. Bxe6 Rxe6 24. Rxe6 Bxe6 25. Rxd8 Qxd8 26. a3 Bd5 27. Qe3
Bb7 28. Qh6+ Kg8 29. Qd2 Qc7 30. Qe2 Qd7 31. Be3 Bd6 32. Bd4 Qc6 33. f4 Bxf4
34. Nf1 Kg7 35. Nd2 Qe6 36. Qf2 Qg4 37. Nf3 a4 38. Ne1 Be4 39. Nf3 g5 40. Qe2
Bc6 41. Qf2 Qe6 0-1

[Event "Aberto Brasil - II Niterói Chess Open "]
[Site "Salão de Convenções do Hot"]
[Date "2022.09.04"]
[Round "5.24"]
[White "Tomiello, Lucas Costamilan"]
[Black "Jenidarchiche, Douglas Rodrigo"]
[Result "1-0"]
[WhiteElo "2147"]
[BlackElo "1826"]
[PlyCount "87"]
[EventDate "2022.09.01"]
[EventRounds "9"]
[EventCountry "BRA"]

1. d4 Nf6 2. c4 g6 3. Nc3 d5 4. cxd5 Nxd5 5. e4 Nxc3 6. bxc3 Bg7 7. Be3 c5 8.
Qd2 Qa5 9. Rc1 O-O 10. Nf3 cxd4 11. cxd4 Qxd2+ 12. Kxd2 Rd8 13. Bc4 Nc6 14. d5
Na5 15. Bd3 Bg4 16. h3 Bd7 17. Rc5 b6 18. Rc7 e6 19. d6 e5 20. Ke2 Be6 21. Ng5
Rxd6 22. Nxe6 Rxe6 23. Rhc1 Bf6 24. Bh6 Rd8 25. Bb5 Red6 26. Be3 a6 27. Bxa6
Ra8 28. Rc8+ Rxc8 29. Rxc8+ Kg7 30. Bb5 Bd8 31. f3 h5 32. g4 hxg4 33. hxg4 Kf6
34. Bd2 Rd4 35. Bc3 Be7 36. Bxd4 exd4 37. Bc4 Bd6 38. Bd5 g5 39. Rd8 Ke7 40.
Ra8 f6 41. Ra7+ Ke8 42. Kd3 Bc5 43. Rf7 Nc6 44. Rxf6 1-0

[Event "Aberto Brasil - II Niterói Chess Open "]
[Site "Salão de Convenções do Hot"]
[Date "2022.09.04"]
[Round "5.25"]
[White "Mesias Rojas, Rabindranath"]
[Black "Dos Santos, Gilvan Nobrega"]
[Result "1-0"]
[WhiteElo "2227"]
[BlackElo "1914"]
[PlyCount "115"]
[EventDate "2022.09.01"]
[EventRounds "9"]
[EventCountry "BRA"]

1. d4 f5 2. e4 fxe4 3. Nc3 Nf6 4. Bg5 e6 5. Nxe4 Be7 6. Bxf6 Bxf6 7. Qh5+ g6 8.
Qh6 Qe7 9. Nxf6+ Qxf6 10. Nf3 Nc6 11. O-O-O d6 12. Bc4 d5 13. Bb5 Bd7 14. Bxc6
Bxc6 15. Rhe1 O-O-O 16. Qe3 Bd7 17. Ne5 Rhf8 18. Rd2 a6 19. g3 Rfe8 20. Qa3 Qf8
21. Qa5 Re7 22. Re3 Be8 23. Rf3 Qg7 24. Qc5 Kb8 25. Rb3 Rd6 26. f4 g5 27. fxg5
Qxg5 28. Rf3 b6 29. Qa3 Kb7 30. Qe3 Qxe3 31. Rxe3 c5 32. c3 Rd8 33. Rf3 Bg6 34.
Rdf2 cxd4 35. cxd4 Rc8+ 36. Rc3 Rec7 37. Kd2 Rxc3 38. bxc3 Bb1 39. a3 Rc7 40.
Rf6 Re7 41. g4 Kc7 42. h4 Kd6 43. Rf8 Rb7 44. h5 Be4 45. g5 Rg7 46. Ra8 a5 47.
h6 Re7 48. Rd8+ Kc7 49. Rg8 b5 50. Rg7 Kd6 51. Rxe7 Kxe7 52. g6 Bxg6 53. Nxg6+
Kf7 54. Ne5+ Kf6 55. Nc6 a4 56. Ke3 Kg5 57. Nd8 Kxh6 58. Nxe6 1-0

[Event "Aberto Brasil - II Niterói Chess Open "]
[Site "Salão de Convenções do Hot"]
[Date "2022.09.04"]
[Round "5.26"]
[White "Carvalho Jr, Celestino"]
[Black "Costa, Carlos Evanir"]
[Result "0-1"]
[WhiteElo "1938"]
[BlackElo "2224"]
[PlyCount "102"]
[EventDate "2022.09.01"]
[EventRounds "9"]
[EventCountry "BRA"]

1. Nf3 Nf6 2. g3 g6 3. Bg2 Bg7 4. d3 d5 5. O-O c5 6. Nbd2 Nc6 7. e4 O-O 8. c3
e5 9. Re1 d4 10. c4 Ne8 11. Nf1 Nd6 12. Nh4 Qe7 13. f4 exf4 14. Bxf4 Ne5 15.
Qd2 Bd7 16. h3 b5 17. b3 Rab8 18. Nh2 bxc4 19. bxc4 Rb4 20. N4f3 Rfb8 21. Rac1
a5 22. Nxe5 Bxe5 23. Nf3 Bxf4 24. gxf4 a4 25. f5 Ne8 26. Qf4 f6 27. fxg6 hxg6
28. e5 f5 29. Ng5 Nc7 30. e6 Be8 31. Bd5 Rb2 32. h4 R8b6 33. Kh1 Qd6 34. Re5
Nxd5 35. cxd5 Rf2 36. Qg3 Rbb2 37. Nf7 Bxf7 38. exf7+ Kxf7 39. Rxf5+ Ke7 40.
Qg5+ Kd7 41. Rxf2 Rxf2 42. Qg4+ Kd8 43. Qg5+ Kc8 44. Qg4+ Kb7 45. Qh3 Qxd5+ 46.
Kg1 Rxa2 47. Rb1+ Ka7 48. Qg3 Qd8 49. Qxg6 Qc7 50. Qg4 Qh2+ 51. Kf1 Qf2# 0-1

[Event "Aberto Brasil - II Niterói Chess Open "]
[Site "Salão de Convenções do Hot"]
[Date "2022.09.04"]
[Round "5.27"]
[White "Silva, Marcelo Dos Santos"]
[Black "Silva, Kaua Marques"]
[Result "0-1"]
[WhiteElo "1910"]
[BlackElo "2199"]
[PlyCount "42"]
[EventDate "2022.09.01"]
[EventRounds "9"]
[EventCountry "BRA"]

1. c4 c5 2. Nf3 Nc6 3. Nc3 e5 4. e3 Nf6 5. d4 cxd4 6. exd4 e4 7. Ng5 Bb4 8. a3
Bxc3+ 9. bxc3 Qa5 10. Qd2 O-O 11. Be2 d5 12. O-O h6 13. cxd5 Qxd5 14. Nh3 Bxh3
15. gxh3 Qd7 16. Qe3 Ne7 17. Rb1 Rac8 18. Bd2 g5 19. h4 Nf5 20. Qh3 Nxd4 21.
Qe3 Nc2 0-1

[Event "Aberto Brasil - II Niterói Chess Open "]
[Site "Salão de Convenções do Hot"]
[Date "2022.09.04"]
[Round "5.28"]
[White "Federzoni, Enzo"]
[Black "Montanu, Dan-Vladimir"]
[Result "1-0"]
[WhiteElo "2158"]
[BlackElo "1894"]
[PlyCount "39"]
[EventDate "2022.09.01"]
[EventRounds "9"]
[EventCountry "BRA"]

1. e4 e6 2. d4 d5 3. Nc3 Bb4 4. e5 c5 5. a3 Bxc3+ 6. bxc3 Qa5 7. Bd2 Qa4 8. Qg4
Kf8 9. h4 Qxc2 10. h5 Qe4+ 11. Qxe4 dxe4 12. Nh3 Bd7 13. Ng5 Bc6 14. Rh4 Ne7
15. Rf4 f5 16. g4 h6 17. Nxe4 Bxe4 18. Rxe4 Nd7 19. Rb1 b6 20. dxc5 1-0

[Event "Aberto Brasil - II Niterói Chess Open "]
[Site "Salão de Convenções do Hot"]
[Date "2022.09.04"]
[Round "5.29"]
[White "Bail, Ellen Larissa"]
[Black "Ribeiro, Matheus Mendes Domi"]
[Result "0-1"]
[WhiteElo "1899"]
[BlackElo "2142"]
[PlyCount "67"]
[EventDate "2022.09.01"]
[EventRounds "9"]
[EventCountry "BRA"]

1. d4 d5 2. Nf3 Nf6 3. g3 e6 4. Bg2 b5 5. a4 b4 6. c4 bxc3 7. bxc3 Nbd7 8. O-O
Bd6 9. c4 c6 10. Nc3 O-O 11. cxd5 exd5 12. a5 Rb8 13. Qc2 Ba6 14. Ba3 Bxa3 15.
Rxa3 Re8 16. Rc1 Qe7 17. Ra2 Bc4 18. Raa1 Rb4 19. e3 Reb8 20. Nd2 Rb2 21. Qd1
c5 22. Nxc4 dxc4 23. a6 cxd4 24. exd4 Qb4 25. Bb7 Nb6 26. Rab1 Rxb1 27. Rxb1
Qxc3 28. Rxb6 axb6 29. a7 Rd8 30. a8=Q Rxa8 31. Bxa8 Qb2 32. Bc6 b5 33. Bxb5
Qxb5 34. Qa1 0-1

[Event "Aberto Brasil - II Niterói Chess Open "]
[Site "Salão de Convenções do Hot"]
[Date "2022.09.04"]
[Round "5.30"]
[White "De Souza, Felipe Guimaraes"]
[Black "Da Cunha, Fabio Barbosa"]
[Result "1-0"]
[WhiteElo "1893"]
[BlackElo "2130"]
[PlyCount "71"]
[EventDate "2022.09.01"]
[EventRounds "9"]
[EventCountry "BRA"]

1. Nf3 c5 2. c4 Nc6 3. d4 cxd4 4. Nxd4 g6 5. e4 Bg7 6. Be3 Nf6 7. Nc3 Qa5 8.
Nb3 Qd8 9. Be2 d6 10. O-O O-O 11. h3 Bd7 12. Rc1 Rc8 13. Nd2 Ne8 14. Nf3 Nc7
15. b3 h6 16. Qd2 Kh7 17. Rfd1 b6 18. Nd5 Ne6 19. b4 Ne5 20. Nd4 Nxd4 21. Bxd4
g5 22. Ne3 e6 23. b5 f5 24. Ba1 d5 25. exf5 g4 26. Bxe5 Bxe5 27. Nxg4 Bg7 28.
f6 Rxf6 29. Nxf6+ Qxf6 30. cxd5 Rg8 31. Rc7 Be8 32. d6 Bf7 33. d7 Rd8 34. Rc8
e5 35. Qc2+ Kg8 36. Qc7 1-0